Engineering nature : timber structures (Record no. 12455)

000 -LEADER
fixed length control field 00373 a2200145 4500
003 - CONTROL NUMBER IDENTIFIER
control field OSt
005 - DATE AND TIME OF LATEST TRANSACTION
control field 20240117150340.0
008 - FIXED-LENGTH DATA ELEMENTS--GENERAL INFORMATION
fixed length control field 240117b ||||| |||| 00| 0 eng d
020 ## - INTERNATIONAL STANDARD BOOK NUMBER
International Standard Book Number 9783955535520
082 ## - DEWEY DECIMAL CLASSIFICATION NUMBER
Classification number 624.184
Item number SCH
100 ## - MAIN ENTRY--PERSONAL NAME
Personal name Schoof, Jakob
245 ## - TITLE STATEMENT
Title Engineering nature : timber structures
260 ## - PUBLICATION, DISTRIBUTION, ETC. (IMPRINT)
Name of publisher, distributor, etc Edition Detail (20 December 2021)
Date of publication, distribution, etc 2021
942 ## - ADDED ENTRY ELEMENTS (KOHA)
Source of classification or shelving scheme
Holdings
Withdrawn status Lost status Source of classification or shelving scheme Damaged status Koha normalized classification for sorting Not for loan Permanent location Current location Date acquired Source of acquisition Cost, normal purchase price Full call number Barcode Date last seen Cost, replacement price Price effective from Koha item type
        624_184000000000000_SCH   BMS College of Architecture, Design and Planning BMS College of Architecture, Design and Planning 2024-01-17 1 3833.39 624.184 SCH AR-UG3702 2024-01-17 5111.19 2024-01-17 UG Books
Copyright © 2025, The Librarian, Library and Information Centre, BMSCA D&P, Bengaluru. All Rights Reserved
web counter

Powered by Koha